[Event "10th EICC"]
[Site "Budva MNE"]
[Date "2009.03.14"]
[Round "8"]
[White "Vallejo Pons,F"]
[Black "Spoelman,W"]
[Result "1-0"]
[WhiteElo "2702"]
[BlackElo "2493"]

1.e4 e5 2.Bc4 Nf6 3.d3 Nc6 4.Nf3 Bc5 5.c3 a6 6.Bb3 Ba7 7.O-O d6 8.Re1 h6
9.Nbd2 Nh5 10.Nf1 Qf6 11.h3 Qg6 12.Nh4 Qf6 13.Nf3 Qg6 14.Nh4 Qf6 15.Nf5 Bxf5
16.exf5 Qxf5 17.d4 Nf6 18.Ng3 Qd7 19.Ba4 b5 20.Bc2 O-O 21.Qf3 e4 22.Nxe4 Nxe4
23.Bxe4 Rae8 24.Bxh6 Nxd4 25.Qg3 Ne6 26.Bf5 g6 27.Qg4 Kh7 28.Bxf8 Rxf8 29.Rxe6 Bxf2+
30.Kh1  1-0

[Event "10th EICC"]
[Site "Budva MNE"]
[Date "2009.03.15"]
[Round "9"]
[White "Timman,J"]
[Black "Vallejo Pons,F"]
[Result "1-0"]
[WhiteElo "2581"]
[BlackElo "2702"]

1.e4 e6 2.d4 d5 3.Nd2 h6 4.Ngf3 Nf6 5.Bd3 c5 6.exd5 Qxd5 7.Bc4 Qc6 8.O-O Nbd7
9.Ne5 Nxe5 10.dxe5 Nd7 11.Qe2 a6 12.a4 b6 13.Bd3 Bb7 14.Be4 Qc8 15.Rd1 Be7
16.Nc4 Bxe4 17.Qxe4 O-O 18.Ra3 Rd8 19.Rad3 Rb8 20.Qg4 f5 21.exf6 Nxf6 22.Rxd8+ Bxd8
23.Qg6 Bc7 24.Bxh6 Qf8 25.Bg5 Rd8 26.Rxd8 Qxd8 27.Nd2 Be5 28.c3 b5 29.axb5 axb5
30.g3 b4 31.Bxf6 Bxf6 32.Ne4 Qd1+ 33.Kg2 Qd5 34.c4 Qa8 35.b3 Kf8 36.Kh3 Qa1
37.Kg2 Qb1 38.Qg4 Qxb3 39.Nxc5 Qc2 40.Qxe6 Be7 41.Nd7+ Ke8 42.Ne5 Qe4+ 43.Kh3 Qh7+
44.Kg4 Qe4+ 45.Kh3 Qh7+ 46.Kg2 g5 47.Qc6+ Kf8 48.Ng6+ Kg8 49.Qe6+  1-0

[Event "10th EICC"]
[Site "Budva MNE"]
[Date "2009.03.16"]
[Round "10"]
[White "Ragger,M"]
[Black "Vallejo Pons,F"]
[Result "1/2-1/2"]
[WhiteElo "2540"]
[BlackElo "2702"]

1.e4 c5 2.Nf3 d6 3.d4 cxd4 4.Nxd4 Nf6 5.Nc3 e6 6.Be3 a6 7.g4 h6 8.Bg2 Be7
9.h3 Nc6 10.Qe2 Nxd4 11.Bxd4 e5 12.Be3 Be6 13.O-O-O Rc8 14.Nd5 Bxd5 15.exd5 Nd7
16.Kb1 O-O 17.Be4 Bh4 18.Rhg1 Rc7 19.Bf5 Re8 20.Qd2 e4 21.Bxd7 Qxd7 22.g5 hxg5
23.Bxg5 Bxg5 24.Qxg5 g6 25.Rg4 Re5 26.Qh6 Qf5 27.Rh4 Qf6 28.a3 Rc5 29.Re1 Rb5
30.Qh7+ Kf8 31.Qh6+ Kg8 32.Qh7+ Kf8 33.Qh6+ Kg8 34.Qh7+  1/2-1/2

[Event "10th EICC"]
[Site "Budva MNE"]
[Date "2009.03.17"]
[Round "11"]
[White "Vallejo Pons,F"]
[Black "Drasko,M"]
[Result "1-0"]
[WhiteElo "2702"]
[BlackElo "2533"]

1.e4 e6 2.d4 d5 3.Nc3 Bb4 4.e5 Ne7 5.a3 Bxc3+ 6.bxc3 c5 7.Qg4 O-O 8.Bd3 f5
9.exf6 Rxf6 10.Bg5 Rf7 11.Qh5 g6 12.Qd1 Nbc6 13.Nf3 Qf8 14.h4 c4 15.Be2 h6
16.Bd2 Kh8 17.Qc1 Ng8 18.Be3 Bd7 19.Qd2 b6 20.a4 Rd8 21.Kf1 Kh7 22.Ne5 Nxe5
23.dxe5 Ne7 24.a5 bxa5 25.Rxa5 Nc6 26.Ra1 Nxe5 27.Rxa7 Bc6 28.Ra1 Ra8 29.Rc1 Ra2
30.Kg1 Nd7 31.Bg4 Re7 32.Rh3 Qg7 33.f4 h5 34.Bf3 Nf6 35.Rg3 Qf7 36.Rg5 Rb7
37.Qe2 Ne8 38.Bxh5 gxh5 39.Rxh5+ Kg8 40.Rg5+ Ng7 41.Bd4 Qe8 42.Qg4 Raa7 43.Re1 Kh7
44.Rxe6 Qxe6 45.Rxg7+ Rxg7 46.Qxe6  1-0

[Event "74th ch-ESP Absoluto"]
[Site "Palma de Mallorca ESP"]
[Date "2009.09.26"]
[Round "1"]
[White "Diaz Rodriguez,J"]
[Black "Vallejo Pons,F"]
[Result "0-1"]
[WhiteElo "2121"]
[BlackElo "2696"]

1.e4 c5 2.Nf3 d6 3.d4 cxd4 4.Nxd4 Nf6 5.Nc3 a6 6.Bg5 Nbd7 7.Qd2 b5 8.Bd3 Bb7
9.O-O e6 10.Kh1 Qb6 11.Be3 Qc7 12.f4 Be7 13.Rae1 Rd8 14.a3 O-O 15.Rf3 Nc5
16.f5 e5 17.Rg3 Kh8 18.Nf3 Nxd3 19.cxd3 d5 20.exd5 Nxd5 21.Nxd5 Rxd5 22.f6 Bxf6
23.Bh6 Qd8 24.Bxg7+ Bxg7 25.Ng5 h6 26.Qe2 b4 27.Rf3  0-1

[Event "74th ch-ESP Absoluto"]
[Site "Palma de Mallorca ESP"]
[Date "2009.09.28"]
[Round "3"]
[White "Vehi Bach,V"]
[Black "Vallejo Pons,F"]
[Result "0-1"]
[WhiteElo "2381"]
[BlackElo "2696"]

1.e4 e6 2.d4 d5 3.Nc3 Bb4 4.e5 Ne7 5.a3 Bxc3+ 6.bxc3 c5 7.Qg4 cxd4 8.Qxg7 Rg8
9.Qxh7 Qc7 10.Ne2 Nbc6 11.f4 dxc3 12.Qd3 Bd7 13.h4 Nf5 14.Rb1 d4 15.h5 O-O-O
16.Rg1 Kb8 17.g4 Nh6 18.g5 Nf5 19.Bg2 Na5 20.Rb4 Nc6 21.Rb1 b6 22.Be4 Nce7
23.Kf2 Qc5 24.Ng3 Ba4 25.Kg2 Ne3+ 26.Bxe3 dxe3 27.Qa6 Bc6 28.Kh3 Rd2 29.Rbe1 Nd5
30.Kg4 Bb5  0-1

[Event "74th ch-ESP Absoluto"]
[Site "Palma de Mallorca ESP"]
[Date "2009.09.29"]
[Round "4"]
[White "Vallejo Pons,F"]
[Black "Teran Alvarez,I"]
[Result "1-0"]
[WhiteElo "2696"]
[BlackElo "2432"]

1.e4 e6 2.d4 d5 3.Nc3 Nf6 4.e5 Nfd7 5.f4 c5 6.Nf3 Nc6 7.Be3 Rb8 8.Be2 cxd4
9.Nxd4 Bc5 10.Qd2 Qa5 11.a3 Nxd4 12.Bxd4 Bxd4 13.Qxd4 Qc5 14.O-O-O a6 15.h4 Qxd4
16.Rxd4 Ke7 17.h5 h6 18.Rh3 Rd8 19.Rg3 Kf8 20.Re3 b5 21.b3 Bb7 22.a4 bxa4
23.Nxa4 Rbc8 24.Rb4 Rc7 25.Rc3 Rxc3 26.Nxc3 Bc8 27.Bf3 Nc5 28.Na4 Nd7 29.Nb6 Nc5
30.Na4 Nd7 31.Kb2 Ke7 32.Nc3 Nc5 33.Ne2 Rd7 34.Rb6 Rc7 35.Nd4 Bb7 36.Be2 Nd7
37.Rd6 Nb8 38.b4 Bc8 39.c3 Bb7 40.g4 Bc8 41.Bf1 Bb7 42.f5 Bc8 43.Be2 Bd7
44.Rb6 Nc6 45.Nxc6+ Rxc6 46.Rxc6 Bxc6 47.Bxa6 d4 48.fxe6 dxc3+ 49.Kxc3 Bf3
50.exf7 Bxg4 51.Bc4 Bxh5 52.b5 Bf3 53.b6 g5 54.Be2 Bb7 55.e6  1-0

[Event "74th ch-ESP Absoluto"]
[Site "Palma de Mallorca ESP"]
[Date "2009.09.30"]
[Round "5"]
[White "Garza Marco,S"]
[Black "Vallejo Pons,F"]
[Result "0-1"]
[WhiteElo "2447"]
[BlackElo "2696"]

1.d4 Nf6 2.c4 c5 3.d5 b5 4.cxb5 a6 5.bxa6 g6 6.Nc3 Bxa6 7.Nf3 d6 8.g3 Bg7
9.Bg2 Nbd7 10.O-O Nb6 11.Re1 O-O 12.e4 Nfd7 13.Qc2 Nc4 14.Bg5 h6 15.Bf4 Qa5
16.Rac1 g5 17.Be3 Rfb8 18.b3 Nxe3 19.Rxe3 Bd4 20.Ree1 Ne5 21.Nxe5 Bxe5 22.Kh1 c4
23.bxc4 Rc8 24.Bf1 Bxc4 25.Nb1 Bxd5 26.Qe2 Be6 27.a3 Rab8 28.Kg1 Rb2 29.Qe3 Rcb8
30.Red1 R8b3 31.Qe1 Qxe1 32.Rxe1 Bd4 33.Be2 Bg4 34.Nc3 Rxc3  0-1

[Event "74th ch-ESP Absoluto"]
[Site "Palma de Mallorca ESP"]
[Date "2009.10.01"]
[Round "6"]
[White "Vallejo Pons,F"]
[Black "Lopez Martinez,Josep"]
[Result "1/2-1/2"]
[WhiteElo "2696"]
[BlackElo "2570"]

1.e4 c5 2.Nf3 d6 3.d4 cxd4 4.Nxd4 Nf6 5.Nc3 a6 6.h3 e5 7.Nde2 h5 8.Bg5 Be6
9.f4 Nbd7 10.f5 Bc4 11.Ng3 Rc8 12.Bxc4 Rxc4 13.Qd3 Rd4 14.Qf3 Qc7 15.O-O Rc4
16.Kh1 h4 17.Nge2 Be7 18.Rac1 b5 19.b3 Rc5 20.a3  1/2-1/2

[Event "74th ch-ESP Absoluto"]
[Site "Palma de Mallorca ESP"]
[Date "2009.10.02"]
[Round "7"]
[White "Vallejo Pons,F"]
[Black "Illescas Cordoba,M"]
[Result "1/2-1/2"]
[WhiteElo "2696"]
[BlackElo "2591"]

1.e4 c6 2.d4 d5 3.Nd2 dxe4 4.Nxe4 Nd7 5.Ng5 Ngf6 6.Bd3 e6 7.N1f3 Bd6 8.Qe2 h6
9.Ne4 Nxe4 10.Qxe4 Nf6 11.Qe2 Qc7 12.Bd2 b6 13.O-O-O Bb7 14.Ne5 O-O-O 15.f4 Kb8
16.Kb1 c5 17.dxc5 Bxc5 18.Rhe1 h5 19.h4 Ka8 20.Bc1 Bd6 21.a3 Bxe5 22.fxe5 Ng4
23.Be4 Rxd1 24.Rxd1 Rc8 25.Bf4 Bxe4 26.Qxe4+ Qb7 27.Qe2 Qc6 28.b3 Kb7 29.a4 Rc7
30.Qf3 Kc8 31.c4 Qb7 32.Kb2 Kb8 33.Rd6 Rc5 34.Rd8+ Rc8 35.Rd2 Qe7 36.Rd6 Qxh4
37.Rd7 Qf2+ 38.Qxf2 Nxf2 39.Rxf7 Rc7 40.Rf8+ Rc8 41.Rxc8+ Kxc8 42.Kc2 Kb7
43.b4 a5 44.b5 Ne4 45.Be3 Nc5 46.Bxc5 bxc5 47.Kd3 g5 48.Ke3 Kb6 49.Kf3 Kb7
50.g4 h4 51.Kg2  1/2-1/2

[Event "74th ch-ESP Absoluto"]
[Site "Palma de Mallorca ESP"]
[Date "2009.10.03"]
[Round "8"]
[White "Cabrera,Ale"]
[Black "Vallejo Pons,F"]
[Result "0-1"]
[WhiteElo "2529"]
[BlackElo "2696"]

1.e4 e6 2.d4 d5 3.exd5 exd5 4.Nf3 c6 5.Bd3 Bg4 6.O-O Bd6 7.c4 Ne7 8.Nc3 dxc4
9.Bxc4 O-O 10.h3 Bh5 11.g4 Bg6 12.Ne5 b5 13.Bb3 a5 14.Bg5 a4 15.Nxg6 hxg6
16.Bc2 Na6 17.d5 b4 18.Nxa4 cxd5 19.Bb3 Nc7 20.Be3 Ne6 21.f4 d4 22.Bd2 d3
23.Qf3 Nd4 24.Qe4 Nec6 25.Rae1 Ra5 26.Kg2 Bc7 27.Be3 d2 28.Rd1 Re8 29.Qxg6 Rd5
30.Qd3 Nxb3 31.Qxb3 Rd3 32.Rxd2 Rxd2+ 33.Bxd2 Re2+  0-1

[Event "17th TCh-Eur"]
[Site "Novi Sad SRB"]
[Date "2009.10.22"]
[Round "1"]
[White "Malisauskas,V"]
[Black "Vallejo Pons,F"]
[Result "1/2-1/2"]
[WhiteElo "2483"]
[BlackElo "2696"]

1.e4 c5 2.Nf3 Nc6 3.Nc3 g6 4.d4 cxd4 5.Nxd4 Bg7 6.Be3 Nf6 7.Bc4 O-O 8.Bb3 d6
9.f3 Bd7 10.Qd2 Nxd4 11.Bxd4 b5 12.a4 a6 13.axb5 axb5 14.O-O Qc7 15.Nd5 Nxd5
16.Bxg7 Kxg7 17.Bxd5 Ra4 18.Qf2 Qa5 19.b3 Rxa1 20.Qd4+ e5 21.Qxa1 Qb6+ 22.Kh1 f5
23.f4 Qd4 24.Qa6 fxe4 25.Qxd6 Be8 26.Qe7+ Bf7 27.c4 exf4 28.g3 bxc4 29.bxc4 f3
30.Qxe4 Qf6 31.Bxf7 Rxf7 32.c5 h5  1/2-1/2

[Event "17th TCh-Eur"]
[Site "Novi Sad SRB"]
[Date "2009.10.25"]
[Round "4"]
[White "Vallejo Pons,F"]
[Black "Hansen,SuB"]
[Result "1/2-1/2"]
[WhiteElo "2696"]
[BlackElo "2552"]

1.e4 e5 2.Nf3 Nc6 3.Bb5 Nf6 4.O-O Nxe4 5.Re1 Nd6 6.Nxe5 Be7 7.Bf1 Nxe5 8.Rxe5 O-O
9.Nc3 Ne8 10.Nd5 Bd6 11.Re1 c6 12.Ne3 Bc7 13.Nf5 d5 14.Ne7+ Kh8 15.Nxc8 Rxc8
16.d3 Nf6 17.Qf3 Qd6 18.g3 Rce8 19.Bd2 Kg8 20.Bh3 Qc5 21.c3 d4 22.b4 Qd5
23.Qxd5 Nxd5 24.cxd4 Bb6 25.Re4 Rd8 26.a4 f5 27.Re2 Bxd4 28.Rc1 Rd7 29.Rce1 g6
30.Bg2 Bf6 31.b5 cxb5 32.axb5 Nc3 33.Re8 Nxb5 34.Bb4 Rxe8 35.Rxe8+ Kg7 36.Rb8 Be7
37.Bxe7 Rxe7 38.Bxb7 Nd4 39.Bd5 Rd7 40.Bc4 Nf3+ 41.Kg2 Ne1+ 42.Kf1 Nxd3 43.Bb5 Rd4
44.Rb7+ Kh6 45.Rxa7 Ne5 46.Re7 Ng4 47.f3 Nf6 48.Kf2 Rd2+ 49.Be2 Rd7 50.Re6 Kg7
51.g4 fxg4 52.fxg4 g5 53.Bf3 h6 54.Kg3 Ra7 55.h3 Rc7 56.h4 gxh4+ 57.Kxh4 Ra7  1/2-1/2

[Event "17th TCh-Eur"]
[Site "Novi Sad SRB"]
[Date "2009.10.27"]
[Round "6"]
[White "Vallejo Pons,F"]
[Black "Akopian,Vl"]
[Result "1/2-1/2"]
[WhiteElo "2696"]
[BlackElo "2698"]

1.d4 Nf6 2.c4 e6 3.Nf3 b6 4.g3 Ba6 5.Qc2 Bb4+ 6.Nbd2 Bb7 7.Bg2 Be4 8.Qd1 Bxd2+
9.Qxd2 O-O 10.O-O d6 11.b3 Nbd7 12.Bb2 Qe7 13.Rfd1 a5 14.Bf1 a4 15.Nh4 axb3
16.axb3 Rxa1 17.Rxa1 Ra8 18.f3 Rxa1 19.Bxa1 Bb7 20.e4 Qd8 21.Bc3 Nf8 22.Bd3 Ng6
23.Ng2 e5 24.d5 Qa8 25.Qb2 Nd7 26.Ne3 Nc5 27.Bc2 Ne7 28.Be1 Bc8 29.b4 Nb7
30.f4 f6 31.f5 Bd7 32.h4 h5 33.Bd1 Be8 34.Kh2 Kf8 35.Bf3 Ng8 36.g4 hxg4 37.Nxg4 Qa6
38.Ne3 Nh6 39.Be2 Qa8 40.Nd1 Ke7 41.Nc3 Bd7 42.Qc1 Nf7 43.Bd2 Qh8 44.Kg3 Qa8
45.Be3 Qg8 46.h5 Qa8 47.Kf2 Be8 48.Ke1 Bd7 49.Kd2 Be8 50.Kc2 Bd7 51.Kb2 Be8
52.Bd2 Nbd8 53.Be3 Kf8 54.Qg1 Qa7 55.Bd1 Qa6 56.Bb3 Qa8 57.Qc1 Qa6 58.Ne2 Ke7
59.Nc3 Qa8 60.Qd2 Kf8 61.Qg2 Qa6 62.Qg1 Qa8 63.Qc1 Ke7 64.Nd1 c5 65.dxc6 Nxc6
66.Qd2 Qb7 67.Nf2 Nb8 68.h6 gxh6 69.Bxh6 Nxh6 70.Qxh6 Nd7 71.Ba4 b5 72.Bxb5 Qa7
73.Nd1 Qd4+ 74.Nc3 Nb6 75.Bxe8 Nxc4+ 76.Kb3 Nd2+ 77.Kc2 Nxe4 78.Qg7+ Kxe8
79.Qg8+ Kd7 80.Qf7+ Kd8 81.Qg8+ Kd7 82.Qf7+ Kd8 83.Qg8+ Kd7 84.Qf7+  1/2-1/2

[Event "17th TCh-Eur"]
[Site "Novi Sad SRB"]
[Date "2009.10.28"]
[Round "7"]
[White "Banikas,H"]
[Black "Vallejo Pons,F"]
[Result "1/2-1/2"]
[WhiteElo "2599"]
[BlackElo "2696"]

1.Nf3 d5 2.d4 Nf6 3.c4 c6 4.e3 g6 5.Be2 Bg7 6.O-O O-O 7.Nc3 e6 8.Qc2 b6 9.b3 Bb7
10.Ba3 Re8 11.Rfd1 Nbd7 12.Rac1 Qb8 13.h3 a6 14.Nd2 b5 15.Bf3 e5 16.dxe5 Nxe5
17.Bc5 dxc4 18.bxc4 Bc8 19.Be2 Bf5 20.e4 Be6 21.Be3 h5 22.Kh1 Qc8 23.Bf1 Rd8
24.Bb6 Re8 25.Be3 Rd8 26.Bb6 Rd7 27.f4 Nxc4 28.Nxc4 Bxc4 29.Bxc4 bxc4 30.Bd4 Qd8
31.Ne2 Rb8 32.e5 Nd5 33.e6 fxe6 34.Qxg6 Qe8 35.Qxe8+ Rxe8 36.Bxg7 Rxg7 37.Rd4 Rb8
38.Rdxc4 Rb2 39.Re4 Ne7 40.Rxe6 Nf5 41.Re8+ Kh7 42.Re5 Rxe2 43.Rxf5 Rgxg2
44.Rxh5+ Kg6 45.Rg5+ Rxg5 46.Rxc6+ Kh5 47.fxg5 Rxa2 48.h4 Kxh4 49.g6 Ra5
50.g7 Rg5 51.Rc4+ Kg3 52.Rc2 Kf3 53.Rc7 Rg6 54.Rf7+ Ke4 55.Kh2 Ke5 56.Kh3 Ke6
57.Ra7 Kf6 58.Rxa6+ Kxg7  1/2-1/2

[Event "8th Gibtelecom Masters"]
[Site "Caleta ENG"]
[Date "2010.01.29"]
[Round "4"]
[White "Vallejo Pons,F"]
[Black "Gustafsson,J"]
[Result "1/2-1/2"]
[WhiteElo "2705"]
[BlackElo "2627"]

1.e4 e5 2.Nf3 Nc6 3.Bb5 a6 4.Ba4 Nf6 5.O-O Be7 6.Nc3 b5 7.Bb3 d6 8.Nd5 Na5
9.Nxe7 Qxe7 10.Re1 Nxb3 11.axb3 c5 12.d3 O-O 13.Bd2 Bb7 14.Nh4 d5 15.Nf5 Qe6
16.f3 g6 17.Nh6+ Kg7 18.Qe2 Nd7 19.Ng4 Rfe8 20.c4 d4 21.Bh6+ Kh8 22.Nf2 f6
23.Bd2 b4 24.Nh3 g5 25.Nf2 Kg8 26.Nh1 Nf8 27.Ng3 Ng6 28.Nf5 Ne7 29.g4 Nxf5
30.gxf5 Qf7  1/2-1/2

[Event "8th Gibtelecom Masters"]
[Site "Caleta ENG"]
[Date "2010.02.02"]
[Round "8"]
[White "Vallejo Pons,F"]
[Black "Sandipan,C"]
[Result "1/2-1/2"]
[WhiteElo "2705"]
[BlackElo "2622"]

1.e4 c5 2.Nf3 d6 3.d4 cxd4 4.Nxd4 Nf6 5.Nc3 a6 6.Be3 e6 7.f3 b5 8.Qd2 Nbd7
9.g4 h6 10.O-O-O b4 11.Na4 Ne5 12.b3 Bd7 13.f4 Nexg4 14.Bg2 e5 15.Nf5 Bxa4
16.bxa4 Nxe3 17.Nxe3 Qc7 18.Rhf1 Be7 19.Nf5 g6 20.Nxd6+ Bxd6 21.Qxd6 Qxd6
22.Rxd6 Ke7 23.fxe5 Ng4 24.Bh3 Nxe5 25.Rd5 f6 26.Rfd1 Rhd8 27.Bf1 a5 28.Be2 h5
29.h4 Rxd5 30.Rxd5 g5 31.hxg5 h4 32.Bf1 Rg8 33.Rxa5 Rxg5 34.Ra7+ Kd6 35.Kd2 Rg3
36.Ra6+ Kc5 37.Rxf6 h3 38.Rh6 h2 39.Be2 Kd4 40.Rxh2 Ra3 41.Kc1 Rxa2 42.Bb5 b3
43.Re2 bxc2 44.Rxc2 Rxc2+ 45.Kxc2 Kxe4 46.a5 Kd5 47.a6 Nc6  1/2-1/2

[Event "8th Gibtelecom Masters"]
[Site "Caleta ENG"]
[Date "2010.02.03"]
[Round "9"]
[White "Naumann,A"]
[Black "Vallejo Pons,F"]
[Result "0-1"]
[WhiteElo "2258"]
[BlackElo "2705"]

1.d4 Nf6 2.c4 e6 3.Nf3 c5 4.g3 cxd4 5.Nxd4 d5 6.Bg2 e5 7.Nf3 d4 8.O-O Nc6
9.e3 Be7 10.exd4 exd4 11.Bf4 Be6 12.Ne5 Rc8 13.Re1 O-O 14.Nd2 Nxe5 15.Bxe5 Qd7
16.Ne4 Rfd8 17.Bxf6 gxf6 18.Qh5 d3 19.Qh6 Qd4 20.b3 b5 21.c5 Rxc5 22.Nxc5 Bxc5
23.Rad1 Qxf2+ 24.Kh1 Bf8 25.Qh5 Qc5 26.Qf3 d2 27.Rf1 Qg5 28.Qxf6 Qxf6 29.Rxf6 a5
30.Rf4 Bh6 31.Rh4 Kg7 32.Kg1 Bf5 33.Kf2 Bc2 34.Bf3 Rd6 35.Rg4+ Kf8 36.Re4 Rf6  0-1

[Event "8th Gibtelecom Masters"]
[Site "Caleta ENG"]
[Date "2010.02.04"]
[Round "10"]
[White "Vallejo Pons,F"]
[Black "Adams,Mi"]
[Result "1/2-1/2"]
[WhiteElo "2705"]
[BlackElo "2694"]

1.e4 e5 2.Nf3 Nc6 3.Bb5 a6 4.Ba4 Nf6 5.O-O Be7 6.Re1 b5 7.Bb3 O-O 8.c3 d5
9.exd5 Nxd5 10.Nxe5 Nxe5 11.Rxe5 c6 12.Re1 Bd6 13.d4 Qh4 14.g3 Qh3 15.Qe2 Bd7
16.Qf1 Qf5 17.Be3 Rae8 18.Nd2 Re7 19.a4 Rfe8 20.axb5 axb5 21.Qg2 h5 22.Nf3 Be6
23.Nh4 Qf6 24.Bd2 Nf4 25.Rxe6 Rxe6 26.gxf4 Qxh4 27.Bxe6 Rxe6 28.f5 Re4 29.h3 Bf4
30.Re1 Rxe1+ 31.Bxe1 Kh7 32.Kf1 Bc1 33.b3 Qf4 34.Qxc6 Qxf5 35.Kg2 Qg5+ 36.Kf1 Qf5
37.Kg2 Qg5+ 38.Kf1  1/2-1/2

[Event "42nd TCh-ITA Masters"]
[Site "Arvier ITA"]
[Date "2010.04.30"]
[Round "4"]
[White "Vallejo Pons,F"]
[Black "Caruana,F"]
[Result "1/2-1/2"]
[WhiteElo "2708"]
[BlackElo "2680"]

1.e4 c5 2.Nf3 Nc6 3.d4 cxd4 4.Nxd4 Nf6 5.Nc3 e5 6.Ndb5 d6 7.Bg5 a6 8.Na3 b5
9.Bxf6 gxf6 10.Nd5 Bg7 11.c3 f5 12.Bd3 Ne7 13.Nxe7 Qxe7 14.Nc2 Qg5 15.O-O f4
16.a4 bxa4 17.Rxa4 O-O 18.Qe2 Bf6 19.Rfa1 Kh8 20.Ne1 Bg4 21.f3 Be6 22.Rxa6 Rac8
23.R1a4 Qh4 24.Bb1 Rb8 25.Rb4 Rxb4 26.cxb4 Bc4 27.Qxc4 Qxe1+ 28.Qf1 Qxb4
29.Ba2 Qxb2 30.Bd5 Rc8 31.Ra8 Rxa8 32.Bxa8 Bh4 33.Kh1 Kg7 34.Bd5 Bf2 35.g3 fxg3
36.hxg3 Bxg3 37.Qg1 Qf2 38.Qxf2 Bxf2 39.Kg2 Be3 40.Bc6 f6 41.Bd7 h5 42.Kg3 Kh6
43.Be6 Kg5 44.Bd7 h4+ 45.Kg2 Kf4 46.Bc8 Bb6 47.Bd7 Bd8 48.Bc8 f5 49.Bb7 h3+
50.Kxh3 Kxf3 51.exf5+ e4 52.Bc6 Bf6 53.Kh2 Ke3 54.Kg3 Be5+ 55.Kg4 Kd4 56.Kg5 d5
57.f6 Bxf6+ 58.Kxf6 e3 59.Bb5 Ke4 60.Kg5 d4 61.Kg4 d3 62.Kg3 Kd4 63.Kf3 e2
64.Kf2 Kc3 65.Bxd3 Kxd3 66.Ke1 Ke3  1/2-1/2

[Event "TCh-ESP CECLUB Honor"]
[Site "Sestao ESP"]
[Date "2010.08.23"]
[Round "1"]
[White "Kasimdzhanov,R"]
[Black "Vallejo Pons,F"]
[Result "1-0"]
[WhiteElo "2699"]
[BlackElo "2697"]

1.e4 e5 2.Bc4 Nf6 3.d3 Nc6 4.Nf3 Be7 5.O-O O-O 6.Re1 d6 7.a4 h6 8.Nbd2 Nh7
9.Nf1 Ng5 10.Nxg5 Bxg5 11.a5 a6 12.c3 Bxc1 13.Qxc1 Be6 14.Ne3 Qd7 15.Qc2 Ne7
16.Bxe6 fxe6 17.b4 Ng6 18.Rad1 Kh8 19.f3 Qe7 20.Qf2 Rf7 21.Kh1 Raf8 22.d4 exd4
23.g3 Nf4 24.Qe2 Nh5  1-0

[Event "TCh-ESP CECLUB Honor"]
[Site "Sestao ESP"]
[Date "2010.08.25"]
[Round "3"]
[White "Laznicka,V"]
[Black "Vallejo Pons,F"]
[Result "0-1"]
[WhiteElo "2638"]
[BlackElo "2697"]

1.d4 e6 2.c4 b6 3.Nc3 Bb7 4.a3 Nf6 5.d5 g6 6.e4 d6 7.Nf3 Bg7 8.Bd3 O-O 9.O-O Nbd7
10.Re1 a5 11.Rb1 Re8 12.Bd2 Nc5 13.Bc2 exd5 14.exd5 Rxe1+ 15.Bxe1 Qe7 16.b4 axb4
17.axb4 Nce4 18.Nb5 c6 19.dxc6 Bxc6 20.Nfd4 Bb7 21.f3 Ng5 22.Bf2 Nh5 23.h4 Nf4
24.Qd2 Ngh3+ 25.gxh3 Nxh3+ 26.Kg2 Nxf2 27.Qxf2 Qd7 28.Re1 Qg4+ 29.Qg3 Bxf3+
30.Nxf3 Qxc4 31.Be4 Ra2+ 32.Kh3 Qxb5 33.Qxd6 Bf8 34.Qd5 Qa6 35.Qd7 b5 36.Bd5 Qf6
37.Re3 Rb2 38.Re8 Kg7 39.Qc8 Bd6 40.Rg8+ Kh6 41.Qc1+ Bf4 42.Qc8 Bd6 43.Qc1+ Bf4
44.Qg1 Qc3 45.h5 Rh2+ 46.Kg4 Qf6 47.hxg6 fxg6 48.Qb1 Rg2+  0-1

[Event "39th Olympiad Men"]
[Site "Khanty-Mansiysk RUS"]
[Date "2010.09.27"]
[Round "6"]
[White "Vallejo Pons,F"]
[Black "Caruana,F"]
[Result "1/2-1/2"]
[WhiteElo "2697"]
[BlackElo "2700"]

1.e4 e5 2.Nf3 Nc6 3.Bb5 a6 4.Ba4 Nf6 5.O-O Be7 6.Re1 b5 7.Bb3 d6 8.c3 O-O
9.h3 Nb8 10.d4 Nbd7 11.Nbd2 Bb7 12.a4 c5 13.Bc2 Qc7 14.d5 c4 15.b4 cxb3 16.Nxb3 Qxc3
17.Bd2 Qc7 18.Bd3 Nc5 19.Nxc5 Qxc5 20.Rb1 Bc8 21.axb5 axb5 22.Bxb5 Bd7 23.Be3 Qc7
24.Nd2 Bxb5 25.Rxb5 Rfb8 26.Rxb8+ Rxb8 27.Qc1 Qd8 28.Qa3 h6 29.Rc1 Rc8 30.Rc6 Ra8
31.Qc3 Bf8 32.Kh2 Rb8 33.Ba7 Ra8 34.Be3 Rb8 35.Ba7 Ra8 36.Bb6 Qb8 37.Qc2 Ra1
38.Nc4 Kh7 39.Bc7 Qb4 40.Nd2 Re1 41.Rc4  1/2-1/2

[Event "39th Olympiad Men"]
[Site "Khanty-Mansiysk RUS"]
[Date "2010.09.28"]
[Round "7"]
[White "Vallejo Pons,F"]
[Black "Tkachiev,V"]
[Result "1/2-1/2"]
[WhiteElo "2697"]
[BlackElo "2632"]

1.e4 e5 2.Nf3 Nc6 3.Bb5 a6 4.Ba4 d6 5.c3 Bd7 6.d4 g6 7.Bg5 Be7 8.Be3 Nf6
9.Bc2 O-O 10.h3 exd4 11.cxd4 Nb4 12.Nc3 Nxc2+ 13.Qxc2 c6 14.O-O Re8 15.Qb3 b5
16.e5 Nh5 17.d5 cxd5 18.Nxd5 Be6 19.Rfd1 dxe5 20.Nxe5 Bd6 21.Ng4 Rc8 22.Qd3 Bf8
23.a4 Bxg4 24.hxg4 Nf6 25.Nxf6+ Qxf6 26.axb5 axb5 27.Qxb5 Rb8 28.Qd5 Qxb2
29.Ra7 Re7 30.Rxe7 Bxe7 31.Bf4 Rd8 32.Qf3  1/2-1/2

[Event "53rd Masters"]
[Site "Reggio Emilia ITA"]
[Date "2011.01.04"]
[Round "7"]
[White "Vallejo Pons,F"]
[Black "Gashimov,V"]
[Result "0-1"]
[WhiteElo "2698"]
[BlackElo "2733"]

1.e4 g6 2.d4 Bg7 3.Nc3 c6 4.Nf3 d6 5.Be2 Nf6 6.O-O O-O 7.h3 Nbd7 8.Bf4 Qa5
9.Nd2 Qc7 10.a4 e5 11.Be3 Ng4 12.Bxg4 exd4 13.Bxd4 Bxd4 14.Nc4 Bc5 15.a5 Ne5
16.Nxe5 dxe5 17.Bxc8 Raxc8 18.Qe2 Bb4 19.a6 b5 20.Na2 Be7 21.Nc1 Rfd8 22.Nb3 Qb6
23.Rfd1 Kg7 24.Qg4 c5 25.Nd2 c4 26.Nf1 Bc5 27.Qg3 Rxd1 28.Rxd1 Qxa6 29.Qxe5+ Qf6
30.Qxf6+ Kxf6 31.Rd5 Ke6 32.g4 a6 33.Nd2 c3 34.bxc3 Bb6 35.c4 bxc4 36.Kf1 a5
37.Rb5 Bd8 38.Ke2 a4 39.Nb1 Ra8 40.Na3 Be7 41.Nxc4 a3 42.Rb6+ Kd7 43.Rb1 Kc6
44.c3 a2 45.Ra1 Kb5 46.Ne3 Bc5 47.Kd3 Bxe3 48.fxe3 f6 49.h4 h5 50.gxh5 gxh5
51.Kc2 Kc4 52.Kb2 Rb8+ 53.Kc2 Rg8 54.Rxa2 Rg2+ 55.Kb1 Rxa2 56.Kxa2 Kxc3 57.Kb1 Kd2  0-1

[Event "53rd Masters"]
[Site "Reggio Emilia ITA"]
[Date "2011.01.06"]
[Round "9"]
[White "Movsesian,S"]
[Black "Vallejo Pons,F"]
[Result "1/2-1/2"]
[WhiteElo "2721"]
[BlackElo "2698"]

1.e4 e6 2.d4 d5 3.Nd2 c5 4.exd5 Qxd5 5.Ngf3 cxd4 6.Bc4 Qd7 7.O-O Nc6 8.Nb3 Nf6
9.Bf4 Bd6 10.Bxd6 Qxd6 11.Nbxd4 Nxd4 12.Qxd4 Qxd4 13.Nxd4 Bd7 14.Rfd1 Rc8
15.Bb3 Ke7 16.c3 Rc5 17.Rd2 Rb8  1/2-1/2

[Event "Gibraltar Masters"]
[Site "Caleta ENG"]
[Date "2011.02.01"]
[Round "8.15"]
[White "Zhukova,N"]
[Black "Vallejo Pons,F"]
[Result "1/2-1/2"]
[WhiteElo "2441"]
[BlackElo "2698"]

1.d4 d6 2.Nf3 Nf6 3.c4 g6 4.Nc3 Bg7 5.g3 O-O 6.Bg2 Nc6 7.O-O a6 8.Qd3 Bf5
9.e4 Bg4 10.d5 Bxf3 11.Qxf3 Nd4 12.Qd1 Nd7 13.Be3 c5 14.dxc6 Nxc6 15.Rc1 Nc5
16.f4 Ne6 17.Qd2 Ned4 18.Kh1 b5 19.Ne2 e5 20.Bxd4 Nxd4 21.Nxd4 exd4 22.c5 Rc8
23.c6 Qb6 24.Qc2 Rc7 25.Bh3 d3 26.Qxd3 Rxc6 27.b3 Rxc1 28.Rxc1 Qf2 29.Rc2 Qe1+
30.Kg2 Qa1 31.Qd2 h5 32.Rc1 Qf6  1/2-1/2

[Event "Gibraltar Masters"]
[Site "Caleta ENG"]
[Date "2011.02.03"]
[Round "10.9"]
[White "Korchnoi,V"]
[Black "Vallejo Pons,F"]
[Result "0-1"]
[WhiteElo "2544"]
[BlackElo "2698"]

1.d4 Nf6 2.c4 e6 3.Nf3 c5 4.d5 b5 5.dxe6 fxe6 6.cxb5 d5 7.Bg5 Qa5+ 8.Qd2 Qb6
9.Bxf6 gxf6 10.e3 Nd7 11.Nc3 f5 12.a4 Nf6 13.Be2 Bd6 14.O-O Bd7 15.Rfd1 Ke7
16.a5 Qc7 17.h3 Rhg8 18.Nh4 Rab8 19.Kh1 Be5 20.Qc2 d4 21.Na4 dxe3 22.b6 Bxa4
23.Rxa4 axb6 24.f4 Bxf4 25.Nxf5+ exf5 26.Qxf5 Be5 27.Bc4 Rg6 28.axb6 Rxb6
29.Rda1 Kf8 30.Bd5 e2 31.Qf2 Bd4 32.Qxe2 Nxd5 33.Ra8+ Kg7 34.Qf3 Kh6 35.R1a7 Qf4  0-1

[Event "World Blitz Qualifier"]
[Site "Moscow RUS"]
[Date "2011.02.17"]
[Round "4.1"]
[White "Vallejo Pons,F"]
[Black "Andreikin,D"]
[Result "1/2-1/2"]
[WhiteElo "2698"]
[BlackElo "2689"]

1.e4 c5 2.Nf3 Nc6 3.c3 Nf6 4.e5 Nd5 5.d4 cxd4 6.cxd4 d6 7.Bc4 dxe5 8.dxe5 Nb6
9.Qxd8+ Nxd8 10.Bb5+ Bd7 11.Nc3 e6 12.O-O Bb4 13.Bxd7+ Nxd7 14.Ne4 Nc6 15.Bf4 Nb6
16.Rfd1 Nd5 17.Bg3 h6 18.h4 O-O 19.a3 Be7 20.b4 Rfd8 21.Rac1 a5 22.b5 Na7
23.a4 Nc8 24.Rd4 Ncb6 25.Nd6 Bxd6 26.exd6 f6 27.Rc5 Rac8 28.Rxc8 Rxc8 29.Nd2 e5
30.Rd3 Kf7 31.Nb3 Rc3 32.Rxc3 Nxc3 33.Nxa5 Ke6 34.Nxb7 Nbxa4 35.f3 Nxb5 36.f4 Nxd6
37.Nd8+ Kd7 38.fxe5 Ne4 39.exf6 gxf6 40.Nf7 Nxg3 41.Nxh6 Ke6 42.Ng4 f5 43.Ne3 f4
44.Nd1 Nc5 45.Nf2 Kf5 46.Nh3 Nce4 47.Nxf4 Kxf4 48.h5 Kg5 49.Kh2 Kxh5 50.Kh3 Kg5
51.Kh2 Kg4 52.Kg1 Kf4 53.Kh2 Nf6 54.Kh3 Ng4 55.Kh4 Nf5+ 56.Kh5 Ng3+ 57.Kg6 Ne3
58.Kf6 Nef5 59.Ke6 Ke4 60.Kf6 Nd4 61.Ke7 Ke5 62.Kf7 Ndf5 63.Kg6 Kf4 64.Kf6 Nd4
65.Kg6 Ne6 66.Kf6 Ng5 67.Ke7 Ke5 68.Kd7 Nf7 69.Kc6 Nd6 70.Kc5 Ndf5 71.Kc4 Nd4
72.Kc5 Ne6+  1/2-1/2